| 000 | 00390 a2200157 4500 | ||
|---|---|---|---|
| 005 | 20250627095058.0 | ||
| 020 | _a9780072483703 | ||
| 082 | _a657 LAR | ||
| 100 | _aLARSON,K. | ||
| 245 | _aFundamental Accounting Principles | ||
| 250 | _a16th Ed. | ||
| 260 |
_aNew York. _bMc Graw Hill, _c2002 |
||
| 300 |
_axxxii,1099p. _bindex _c27cm. |
||
| 700 | _aWILD,J. & CHIAPPETTA | ||
| 942 |
_2ddc _cBKS |
||
| 999 |
_c5582 _d5582 |
||